000 01396nam a2200373 4500
003 OSt
005 20260530113911.0
008 260422b2008 sp a|||| |||| 00| 0 spa d
020 _a9788434228559
040 _aICI
_bspa
_cICI
_erda
041 _aspa
_heng
050 _aNK1548
_bA4318 2008
100 1 _aAmbrose, Gavin
_eautor
_933391
240 1 0 _aColour.
_lEspañol
245 1 0 _aColor :
_bm. sensación producida por los rayos luminosos que impresionan los órganos visuales y que depende de la longitud de onda /
_cAmbrose, Harris ; traducción de Martí Mas ; fotografía: Xavier Young.
246 1 0 _aSensación producida por los rayos luminosos que impresionan los órganos visuales y que depende de la longitud de onda
250 _a2a ed.
260 _aBarcelona
_bParramón
_c2008.
300 _a176 páginas
_bIlustraciones
_c23 cm
336 _2rdacontent
_atexto
337 _2rdamedia
_asin medio
338 _2rdacarrier
_avolumen
650 _aColor codes
_933392
650 _aColor in advertising
_933393
650 _aSymbolism of colors
_933394
650 _aColor en el diseño
_933395
650 _aCódigos de color
_933396
650 _aColor en publicidad
_933397
650 _aSimbolismo de los colores
_933398
700 1 _aHarris, Paul
_d1971
_q(Paul Arthur),
_933399
700 1 _aMas, Martí
_933400
700 1 _aYoung, Xavier
_933401
942 _2lcc
_n1
_cBK
999 _c12129
_d12129